| 000 | 00793nam a2200229 u 4500 | ||
|---|---|---|---|
| 005 | 20240924070940.0 | ||
| 008 | 090831s2005 es r 000 0 spa d | ||
| 020 | _a9703508219 | ||
| 035 | _aUPN01000172133 | ||
| 049 | _aCG | ||
| 050 | 4 |
_aLB1050 _bK3.6 |
|
| 100 | 1 |
_aKalman Landman, Judith, _d1954- _931731 |
|
| 245 | 1 | 3 |
_aEl origen social de la palabra propia / _cJudith Kalman. |
| 260 |
_aMéxico : _bCONACULTA, _c2005. |
||
| 300 |
_a55 p. : _bil. |
||
| 440 | 0 |
_aLecturassobrelecturas ; _v14 |
|
| 501 | _aCon: Pobres pero leídos : la familia (marginada) y la lectura en México / Gregorio Hernández | ||
| 650 | 4 |
_aLectura (Educación de adultos) _99191 |
|
| 650 | 4 |
_aLectura _913351 |
|
| 740 | 0 | _aPobres pero leídos : la familia (marginada) y la lectura en México | |
| 905 | _aLibro | ||
| 999 |
_c144237 _d144237 |
||